000 01285nac a22003857a 4500
001 BR8107123
003 BR-BrBNA
005 20240105115121.0
008 230509b bl.|||m| |||| 00| 0 por d
040 _aBR-BrBNA
_bpor
_cBiblioteca Nacional de Agricultura
072 _aP20; K10
090 _aP20 BR8107123
100 1 _aPoupard, J.P.
100 1 _aPimentel, A.P. de M.
100 1 _aComastri, E.R.M.
100 1 _aGriffith, J.J.
100 1 _aSouza, O.C. de
100 1 _aSoares, O. de A.
100 1 _aBrock, T.J.
110 1 _aInstituto Brasileiro de Desenvolvimento Florestal, Brasilia, DF (Brasil);
_95727
110 1 _aFundacao Brasileira para a Conservacao da Natureza, Rio de Janeiro, RJ (Brasil)
_94785
245 1 _aPlano de manejo: Parque Nacional da Serra da Canastra [Minas Gerais, Brasil]
260 3 _aBrasilia, DF (Brasil):
_c1981.
300 _a96 p.
490 _aDocumento Tecnico - Instituto Brasileiro de Desenvolvimento Florestal (Brazil)
_vno. 5
_x
500 _a24 ref.; 14 illus.
650 _aPARQUE NACIONAL
650 _aRECURSO FLORESTAL
650 _aMANEJO
650 _aCONSERVACAO
650 _aSERRA DA CANASTRA
650 _aMINAS GERAIS
909 _a202312
_bLúcia Elande
_c55
_dLúcia Elande
942 _2AGRIS
_n0
_cMS
999 _c273133
_d273133